000 00587nam a22002057a 4500
003 OSt
005 20140310183036.0
008 130219t xxu||||| |||| 00| 0 eng d
020 _a9712339386
050 _aQE 26.2
_b.B813 2005
082 _aFIL 550.21
_bB73 2005
245 _aEarth science
_ba textbook on earth science for the tertiary level
_cBraganza, Maria Chona Sulit
260 _a Manila
_b Rex Book Store
_cc2005
300 _axiv, 244 p. :
_c26 cm.
521 _acollege students
526 _c1210L-1700L
541 _j1
562 _e1
942 _2lcc
_cBK
_kFIL
999 _c18487
_d18487